Countries named the same as their capital - Statistics

General Stats
  • This quiz has been taken 33 times
    8 since last reset
  • The average score is 15 of 28
Answer Stats
Country / Capital % Correct
City of San Marino
83%
Luxembourg
83%
Luxembourg City
83%
San Marino
83%
Vatican City
83%
Vatican City
83%
Andorra
67%
Andorra la Vella
67%
Djibouti
67%
Djibouti
67%
Kuwait
67%
Kuwait City
67%
Mexico
67%
Mexico City
67%
Monaco
50%
Monaco
50%
Panama
50%
Panama City
50%
Singapore
50%
Singapore
50%
El Salvador
33%
San Salvador
33%
Saõ Tomé
33%
Saõ Tomé en Príncipe
33%
Bissau
17%
Guatamala
17%
Guatamala City
17%
Guinea-Bissau
17%
No matching quizzes found
Score Distribution
Percent of People with Each Score
Percentile by Number Answered
Your Score History
You have not taken this quiz since the last reset